000 00901nam a22002177a 4500
999 _c20472
_d20472
003 AR-CdUCM
008 190530b ||||| |||| 00| 0 spa d
040 _aMUNICIPALIDAD PROVINCIAL DEL CUSCO
_cBIBLIOTECA MUNICIPAL DEL CUSCO
082 _a199.85 /
_bM39
100 _aMejía Huamán, Mario
_917913
245 _aTEQSE :
_bla cosmovisión andina y las categorías quechuas como fundamentos para una filosofía peruana y de América andina /
260 _aLima :
_bUniversidad Ricardo Palma, Editorial Universitaria,
_c2004.
300 _a141 páginas ;
_c21 cm.
505 _aContenido: La cosmovisión andina tawantinsuyana -- La cosmovisión andina y la reflexión filosófica.
650 _aFilosofía peruana
_914498
650 _aFilosofía andina
_911655
650 _aCosmovisión
_919165
700 _aUniversidad Ricardo Palma
_942808
942 _2ddc
_cLIBROS
945 _adavv
_d2019-05-30